000 01239naa a22003137a 4500
001 BR7703307
003 BR-BrBNA
005 20240918174007.0
007 ta
008 230509b bl.||||| |||| 00| 0 por d
040 _aBR-BrBNA
_bpor
_cBiblioteca Nacional de Agricultura
041 _a(Pt)
072 _aH20
_b0336
_b4120
_b3875
_b3876
090 _aH20 BR7703307
100 1 _aCorrea, C.F.
111 1 _a4. Reuniao Conjunta de Pesquisa de Soja
_cSanta Maria, RS (Brazil)
_d23 Aug 1976
245 1 _aControle da mancha em reboleira por meios quimicos [Soja; Glycine max; Fungicida; Herbicida; Controle quimico]
260 3 _aPasso Fundo, RS (Brasil):
_c1976.
500 _aResultados de pesquisa em soja obtidos no Cento Nacional de Pesquisa de Trigo em 1975/76 Passo Fundo, RS (Brasil): 1976. v. 1 p. 76-78 (BR7703307-AM)H20
650 _aDoenca de planta
650 _aSoja
650 _aMancha em reboleira
650 _aFungicida
650 _aHerbicida
650 _aControle quimico
773 0 _tResultados de pesquisa em soja obtidos no Cento Nacional de Pesquisa de Trigo em 1975/76
_wH20 BR7703307
_gPasso Fundo, RS (Brasil), 1976. v. 1 p. 76-78
909 _a202404
_bLucia
_c55
_dLucia Elande
942 _cAM
_2AGRIS
999 _c308201
_d308201